Statistiken für Sprichwörter

Klicken Sie hier um das Quiz zu spielen!

Allgemein

  • Dieses Quiz wurde 3.362 mal gespielt
  • Das Durchschnittsergebnis liegt bei 38 aus 55

Antwortstatistiken

HintAntwort% Korrekt
Ende gut, ...alles gut
97%
Ende gut, ...alles gut
97%
Geld stinkt ...nicht
97%
Wer zuletzt lacht, ...lacht am besten
95%
Der Klügere ...gibt nach
94%
Was sich liebt, das ...neckt sich
92%
Der Apfel fällt nicht ...weit vom Stamm
92%
Es ist noch kein Meister vom ...Himmel gefallen
91%
Ohne Fleisskein Preis
91%
Was ich nicht weiss, macht mich ...nicht heiss
90%
Ein blindes Huhn findet auch einmal ...ein Korn
89%
Wer andern eine Grube gräbt,fällt selbst hinein
89%
Scherben bringen ...Glück
88%
Lügen haben ...kurze Beine
88%
Was du heute kannst besorgen, das ...verschiebe nicht auf morgen
88%
Wer nicht hören will, ...muss fühlen
87%
Viele Wege führen ...nach Rom
87%
Man soll den Tag nicht vor ...dem Abend loben
86%
Aller Anfang ist ...schwer
86%
Hochmut kommt ...vor dem Fall
86%
Es ist nicht alles Gold, ...was glänzt
86%
Andere Länder, ...andere Sitten
85%
Hunde, die bellen,beissen nicht
85%
Kleider machen ...Leute
85%
In der Kürze ...liegt die Würze
85%
Morgenstund hat ...Gold im Mund
84%
Einmal ist ...keinmal
84%
Wer A sagt, ...muss auch B sagen
83%
Zeit istGeld
80%
Ausnahmen bestätigen ...die Regel
78%
Ehrlich währt ...am längsten
74%
Ein Unglück kommt ...selten allein
74%
Man soll den Tag ...nicht vor dem Abend loben
72%
Wer rastet, ...rostet
65%
Viele Köche ...verderben den Brei
65%
Wer wagt, ...gewinnt
60%
Wer zu spät kommt, den ...bestraft das Leben
59%
Des einen Freud, ist desanderen Leid
58%
Wo gehobelt wird ...fallen Späne
52%
Guter Rat ...ist teuer
51%
Ein Spatz in der Hand ist besser ...als eine Taube auf dem Dach
50%
Alte Liebe ...rostet nicht
50%
Gelegenheit macht ...Diebe
47%
Die Ratten verlassen das ...sinkende Schiff
47%
Wenn man vom Teufel spricht, ...kommt er
46%
Gleich und gleich ...gesellt sich gern
44%
Was Hänschen nicht lernt, ...lernt Hans nimmermehr
40%
Man muss die Feste feiern, ...wie sie fallen
39%
Wie man sich bettet, ...so liegt man
33%
Gottes Mühlen ...mahlen langsam
26%
Alter schützt vor ...Torheit nicht
23%
Die kleinen Diebe fängt man, die grossen ...lässt man laufen
18%
Hunger ist der ...beste Koch
15%
Wer den Rappen nicht ehrt, ist desFrankens nicht wert
10%
Viele Hunde sind ...des Hasen Tod
7%

Verteilung der Resultate

Perzentil nach korrekt beantworteten Fragen

Anzahl Personen mit jedem Resultat

Ihre Resultats-Entwicklung

Sie haben dieses Quiz noch nicht gespielt